[Event "DEN-ch Seniors 50+"]
[Site "Logumkloster"]
[Date "2017.02.16"]
[Round "5"]
[White "Pedersen, Hans Milter"]
[Black "Kallenbach, Uffe"]
[Result "0-1"]
[WhiteElo "1528"]
[BlackElo "1670"]
[PlyCount "56"]
[EventDate "2017.02.12"]
[EventType "swiss"]
[EventRounds "7"]
[EventCountry "DEN"]
[SourceTitle "EXT 2018"]
[Source "ChessBase"]
[SourceDate "2017.10.13"]
[SourceVersion "1"]
[SourceVersionDate "2017.10.13"]
[SourceQuality "1"]

1. d4 Nf6 2. Nf3 d5 3. g3 e6 4. Bf4 Bd6 5. Bxd6 Qxd6 6. c3 Nbd7 7. Bg2 0-0 8. Nbd2 Re8 9. 0-0 c5 10. Re1 b6 11. e4 dxe4 12. Nxe4 Nxe4 13. Rxe4 Bb7 14. Re3 Rad8 15. dxc5 Nxc5 16. Qxd6 Rxd6 17. Nd4 Bxg2 18. Kxg2 Red8 19. Rae1 a6 20. b3 Kf8 21. c4 Rxd4 22. h4 Rd2 23. R1e2 Rxe2 24. Rxe2 Rd3 25. g4 Ke7 26. f3 f6 27. Kg3 e5 28. g5 Ke6 0-1

[Event "DEN-ch Seniors 50+"]
[Site "Logumkloster"]
[Date "2017.02.12"]
[Round "1"]
[White "Kjaergaard Jensen, Jesper"]
[Black "Pedersen, Hans Milter"]
[Result "1-0"]
[WhiteElo "2156"]
[BlackElo "1528"]
[PlyCount "41"]
[EventDate "2017.02.12"]
[EventType "swiss"]
[EventRounds "7"]
[EventCountry "DEN"]
[SourceTitle "EXT 2018"]
[Source "ChessBase"]
[SourceDate "2017.10.13"]
[SourceVersion "1"]
[SourceVersionDate "2017.10.13"]
[SourceQuality "1"]

1. d4 d5 2. Nf3 Nf6 3. Bg5 g6 4. e3 Bg7 5. Bd3 c6 6. Nc3 b6 7. Qe2 a5 8. Ne5 Bb7 9. f4 Nfd7 10. Nxd7 Nxd7 11. f5 Qc7 12. g4 Nf6 13. h4 Qg3+ 14. Kd2 Qxg4 15. Qh2 Ne4+ 16. Bxe4 dxe4 17. Qc7 Bf6 18. Qxb7 0-0 19. Bxf6 exf6 20. Qxc6 Rac8 21. Qxe4 1-0